000 00235nam a2200097Ia 4500
001 977478
005 20250826220727.0
008 250824s9999 xx 000 0 und d
245 0 _aOLASILIKSIZ
_cADAM FAWER
260 _bA.P.R.I.L YAYINCILIK
999 _c977478
_d977478